书目信息 |
| 题名: |
面对面
|
|
| 作者: | 沙蒙 著 ;杨燕超 , 常征 译 | |
| 分册: | ||
| 出版信息: | 北京 清华大学出版社 2009 |
|
| 页数: | 21,272页 | |
| 开本: | 26cm | |
| 丛书名: | ||
| 单 册: | ||
| 中图分类: | J413 | |
| 科图分类: | ||
| 主题词: | 人像摄影--摄影技术 , 人像摄影 , 摄影技术 | |
| 电子资源: | ||
| ISBN: | 978-7-302-19578-8 | |
| 000 | 01316nam0 2200325 45 | |
| 001 | 1033068609 | |
| 005 | 20100408172016.65 | |
| 010 | @a978-7-302-19578-8@dCNY75.00 | |
| 100 | @a20100401d2009 em y0chiy50 ea | |
| 101 | 1 | @achi@ceng |
| 102 | @aCN@b110000 | |
| 105 | @aa z 000yy | |
| 106 | @ar | |
| 200 | 1 | @a面对面@AMian Dui Mian@eRick Sammon人像摄影完全指南@ERick Sammon Ren Xiang She Ying Wan Quan Zhi Nan@fRick Sammon著@FRick Sammon Zhu@g杨燕超,常征等译 |
| 210 | @a北京@c清华大学出版社@d2009 | |
| 215 | @a21,272页@c照片@d26cm | |
| 305 | @a由O'Reilly Media, Inc.授权出版 | |
| 312 | @a英文原名:Face to face: Rick Sammon's complete guide to photographing people | |
| 330 | @a本书介绍了人像摄影的技术和方法。全书包括5部分,49个课程,内容涉及基本人像摄影概述、摄影哲学、室内摄影、室外摄影,以及Photoshop照片增强技术等。 | |
| 510 | 1 | @aFace to face@eSammon's complete guide to photographing people@zeng |
| 517 | 1 | @aRick Sammon人像摄影完全指南@ARick Sammon Ren Xiang She Ying Wan Quan Zhi Nan |
| 606 | 0 | @a人像摄影@x摄影技术 |
| 606 | 0 | @a人像摄影 |
| 606 | 0 | @a摄影技术 |
| 690 | @aJ413@v4 | |
| 701 | 1 | @a沙蒙@ASha Meng@g(Sammon, Rick)@4著 |
| 702 | 0 | @a杨燕超@AYang Yan Chao@4译 |
| 702 | 0 | @a常征@AChang Zheng@4译 |
| 801 | 0 | @aCN@bTANGWEI@c20100408 |
| 905 | @b0588064-68@dJ413@e248@f5 | |
| 面对面:Rick Sammon人像摄影完全指南/Rick Sammon著/杨燕超,常征等译.-北京:清华大学出版社,2009 |
| 21,272页:照片;26cm |
| ISBN 978-7-302-19578-8:CNY75.00 |
| 本书介绍了人像摄影的技术和方法。全书包括5部分,49个课程,内容涉及基本人像摄影概述、摄影哲学、室内摄影、室外摄影,以及Photoshop照片增强技术等。 |
| ● |
| 相关链接 |
|
|
|
|
正题名:面对面
索取号:J413/248
 
预约/预借
| 序号 | 登录号 | 条形码 | 馆藏地/架位号 | 状态 | 备注 |
| 1 | 0588064 | 205880643 | 第一样本阅览室/ [索取号:J413/248] | 在馆 | |
| 2 | 0588065 | 205880652 | 第一借阅区/ [索取号:J413/248] | 在馆 | |
| 3 | 0588066 | 205880661 | 第一借阅区/ [索取号:J413/248] | 在馆 | |
| 4 | 0588067 | 205880670 | 第一借阅区/ [索取号:J413/248] | 在馆 | |
| 5 | 0588068 | 205880689 | 第一借阅区/ [索取号:J413/248] | 在馆 |